000 00759nam a2200241 a 4500
005 20240706063635.0
008 991125s1998 es 000 0 spa u
020 _a8483161621
035 _aUPN01000005464
049 _aCG
050 4 _aLC4019
_bC3.3 1998
100 1 _aCastanedo Secadas, Celedonio
_932043
245 1 0 _aBases psicopedagógicas de la educación especial :
_bevaluación e intervención /
_cCeledonio Castanedo.
250 _a2a ed. correg.
260 _aMadrid :
_bCCS,
_c1998.
300 _a360 p. :
_bil.
440 0 _aCampus ;
_v7
650 4 _aEducación especial
_93029
650 4 _aNIÑOS DE LENTO APRENDIZAJE
_910314
650 4 _aNIÑOS DEBILES MENTALES
650 4 _aNiños con discapacidad
_xEducación
_91549
905 _aLibro
999 _c5464
_d5464